00283nam a2200121Ia 4500008004100000050001100041050001500052100002100067245003000088260002600118260000900144300000800153160319s9999 xx 000 0 und d a808.84 bR673c 1998 aRoche, Joseph L. 2aA Companion to CFC vol. 1 bECCE/WORD & LIFE PUB. c1998 a171